000 00698nam a2200217 a 4500
999 _c1126
_d1126
001 1126
003 BD-JhCC
005 20171015163149.0
008 171015s2009 bg |||| |||| 000 0 ben d
020 _a9847015600914
035 _a(BD-JhCC)1126
040 _aBD-JhCC
_dBD-JhCC
041 _aben
082 _a891.4409
_bHOS 2009
100 _aহোসেন, আলতাফ
245 _aছেঁড়া ছেঁড়া মেঘ ও চামেলি /
_cআলতাফ হোসেন
260 _aঢাকা:
_bমাওলা ব্রাদার্স,
_c২০০৯
300 _a১৩৬ পৃ.;
_c২২ সে.মি.
650 _aBengali Literature
942 _2ddc
_cBK